| 000 | 00941nam a2200217Ia 4500 | ||
|---|---|---|---|
| 999 |
_c40078 _d40078 |
||
| 001 | 6684 | ||
| 003 | GE_BSU | ||
| 005 | 20190627161810.0 | ||
| 008 | 181216s1977|||| |||||||||||||| ||geo|| | ||
| 041 | _ageo | ||
| 080 | _a621.43.01(075.8) მ-44 | ||
| 100 |
_aმახალდიანი, ვ. _93001 |
||
| 245 |
_aშიგა წვის ძრავების თეორია : სახელმძღვ. / _cვ. მახალდიანი ; რედ : ე.გრძელიძე. |
||
| 250 | _aმეორე შევსებ. და გადამუშ. გამოც. | ||
| 264 |
_aთბილისი : _bგანათლება, _c1977. |
||
| 300 |
_a439 გვ :. _c22 სმ |
||
| 653 | _aშიგა წვის ძრავების თეორია | ||
| 653 | _aტექნიკა | ||
| 700 |
_aგრძელიძე, ე _eრედაქტორი _91326 |
||
| 942 |
_cBK _2udc |
||